Spôsoby realizácie protimonopolnej, súťažnej, resp. konkurenčnej politiky
Podstata a ciele protimonopolnej politiky. Efektívny systém protimonopolnej politiky. Diferencie medzi jednotlivými systémami protimonopolnej politiky, ich pôvod. Špecifiká ich historického vývoja. Systém protimonopolnej politiky vo vyspelých a tranzitívnych krajinách.
Saved in:
| Main Author: | |
|---|---|
| Format: | Book Chapter |
| Language: | Slovak |
| Subjects: | |
| Tags: |
No Tags, Be the first to tag this record!
|
MARC
| LEADER | 00000naa a2200000 4500 | ||
|---|---|---|---|
| 001 | r044830 | ||
| 005 | 20230808083042.9 | ||
| 041 | 0 | |a slo | |
| 044 | |a SK | ||
| 245 | 1 | 0 | |a Spôsoby realizácie protimonopolnej, súťažnej, resp. konkurenčnej politiky |c Mária Tokárová |
| 520 | |a Podstata a ciele protimonopolnej politiky. Efektívny systém protimonopolnej politiky. Diferencie medzi jednotlivými systémami protimonopolnej politiky, ich pôvod. Špecifiká ich historického vývoja. Systém protimonopolnej politiky vo vyspelých a tranzitívnych krajinách. | ||
| 610 | 2 | 0 | |a politika protimonopolná |
| 610 | 2 | 0 | |a krajiny vyspelé |
| 610 | 2 | 0 | |a SVE |
| 610 | 2 | 0 | |a história |
| 610 | 2 | 0 | |a konkurencia |
| 610 | 2 | 0 | |a koncentrácia |
| 610 | 2 | 0 | |a USA |
| 610 | 2 | 0 | |a Nemecko |
| 100 | 1 | |a Tokárová, Mária | |